[Event "Int SVK-ch GM 2020"]
[Site "Drienica"]
[Date "2020.08.08"]
[Round "2.5"]
[White "Mazur, Stefan"]
[Black "Nayhebaver, Martin"]
[Result "1/2-1/2"]
[WhiteElo "2449"]
[BlackElo "2482"]
[Annotator "TA"]
[PlyCount "103"]
[EventDate "2020.08.07"]
[EventType "tourn"]
[EventCountry "SVK"]
[SourceTitle "playchess.com"]
[Source "ChessBase"]
[SourceQuality "1"]

{[%evp 16,103,15,20,25,25,24,30,29,0,0,14,37,0,0,0,0,-26,-19,-22,-17,-29,-28,-35,-39,-31,-31,-40,-27,-38,-20,-54,-50,-49,-37,-50,-41,-68,-28,-42,-34,-31,0,-34,-12,-26,0,0,0,0,0,0,0,-23,-12,-17,-25,-38,-38,-34,-31,-35,-39,-39,-39,-110,-33,-48,-25,-45,-34,-72,-72,-72,-31,-72,-72,-72,-72,-72,-79,-79,-79,-79,0,-79,0,-79,0,-79]} 1. e4 c5 2. Nf3 Nc6 3. Bb5 g6 4. Bxc6 dxc6 5. d3 Bg7 6. h3 Nf6 7. Nc3 Nd7 8. Be3 e5 9. Qd2 h6 {B31: Sicilian: 2...Nc6 3 Bb5 g6.} 10. O-O Qe7 11. Nh2 Nf8 {White has an edge.} 12. f4 exf4 13. Bxf4 g5 14. Be3 {[#]} Ng6 $146 ({Predecessor:} 14... Be6 15. Qf2 Nd7 16. a4 O-O 17. g4 b6 18. Rae1 Ne5 19. Ne2 Ng6 20. Ng3 Bxb2 {1-0 (35) Socko,B (2637)-Michiels,B (2462) Antwerp 2009}) 15. Qf2 b6 16. a4 O-O 17. a5 Rb8 18. Rae1 f5 19. exf5 Bxf5 20. Qd2 Qd6 21. Nf3 Rbe8 22. Kh1 Re7 ({Don't play} 22... bxa5 $6 23. Qf2 $14) 23. axb6 axb6 24. Na4 Qb8 25. Bg1 Ref7 {And now ...Bxh3! would win.} 26. Qe3 Qd8 27. Bh2 $1 Re7 28. Qd2 Ref7 29. Qe3 $1 Bd7 {White must now prevent ...Nh4.} 30. Nd2 Nf4 31. Bxf4 Rxf4 32. Rxf4 Rxf4 33. Nc3 Rf7 34. Nc4 Qf8 {Hoping for ...Bd4.} 35. Ne4 b5 {[#] Strongly threatening ...Rf1+.} 36. Ncd6 Rf1+ 37. Rxf1 Qxf1+ 38. Qg1 Qxg1+ 39. Kxg1 Bxb2 $15 {[%mdl 4096] Endgame KBB-KNN} 40. Kf1 (40. Kf2 $15) 40... Bd4 (40... Be5 $17 41. Ke2 Be6) 41. Ke2 Be6 42. g4 $1 Bd5 43. c4 {[#]} Bxe4 $1 44. Nxe4 $17 {KB-KN} Kf8 45. Kf3 Ke7 46. Nd2 Ke6 47. Ke4 b4 48. Nb3 Bg1 49. Na5 Bd4 50. Nb3 $1 Bg1 (50... Kf6 $17 51. Na5 Bg1) 51. Nd2 (51. Na5 $11) 51... Bd4 52. Nb3 {Accuracy: White = 81%, Black = 83%.} 1/2-1/2

[Event "Int SVK-ch GM 2020"]
[Site "Drienica"]
[Date "2020.08.09"]
[Round "3.1"]
[White "Nayhebaver, Martin"]
[Black "Gazik, Viktor"]
[Result "0-1"]
[WhiteElo "2482"]
[BlackElo "2502"]
[Annotator "TA"]
[PlyCount "98"]
[EventDate "2020.08.07"]
[EventType "tourn"]
[EventCountry "SVK"]
[SourceTitle "playchess.com"]
[Source "ChessBase"]
[SourceQuality "1"]

{[%evp 10,98,56,21,33,23,29,27,28,26,26,28,25,21,35,2,45,22,25,-6,0,-33,-13,-37,-34,-37,-35,-24,-29,-35,-22,-33,-30,-25,-8,-27,0,0,0,0,0,0,0,0,0,0,0,0,0,0,0,-45,-35,-37,-36,-107,-108,-116,-120,-123,-107,-108,-77,-77,-74,-77,-75,-90,-77,-77,-83,-161,-121,-130,-128,-102,-67,-356,-356,-529,-524,-468,-290,-605,-605,-691,-679,-1095,-1053,-6387,-2886]} 1. e4 d5 2. exd5 Qxd5 3. Nc3 Qa5 4. d4 Nf6 5. Bc4 Bg4 6. f3 Bd7 {B01: Scandinavian Defence.} 7. Bd2 Qb6 8. Nge2 e6 {White has an edge.} 9. O-O {9.Be3 is the hot move.} Be7 10. a4 a5 11. Be3 O-O 12. Bf2 {[#]} Rd8 $146 ({Predecessor:} 12... Na6 13. Qd2 Rad8 14. Nf4 Nb4 15. Qe2 Qd6 16. Nd3 Nxd3 17. Bxd3 Bc6 18. Nb5 Qd7 {½-½ (49) Zude,A (2373)-Fischer,S (2292) Dresden 2018}) 13. Ne4 Na6 14. Bb3 Be8 15. N2c3 c5 16. Nxc5 Nxc5 17. dxc5 Bxc5 18. Qe2 Bc6 19. Rfd1 h5 20. Bxc5 Qxc5+ 21. Qf2 Qb4 22. Ne2 e5 (22... Bd5 $5 {[%cal Rd5b3]}) 23. Nc3 h4 24. Re1 Re8 25. Ne4 Bxe4 26. fxe4 h3 {[#]} 27. g4 $1 {[%mdl 512] And now g5 would win.} Re7 $36 {[%mdl 2048] White is under pressure.} (27... Nxg4 28. Qxf7+) 28. Qf3 $1 Rd8 29. g5 Nh7 30. g6 Qb6+ {[%mdl 64] Double Attack} 31. Kh1 Qxg6 32. Qxh3 (32. Bd5 $1 $15) 32... Rd2 $17 33. Re3 Ng5 34. Qg3 ({Of course not} 34. Qc8+ $6 Kh7 $15) 34... Qh6 35. Rg1 Ne6 36. Rd3 Rxd3 37. Qxd3 Qh4 38. Bd5 Nf4 39. Qg3 {[%csl Gg1][%cal Rg3g7]} Qf6 40. Qg4 (40. Qg5 $17 Qxg5 41. Rxg5) 40... b6 41. c4 g6 42. Qg5 Qd6 43. h4 $2 {[%mdl 8192] [#] This costs White the game.} ({White should try} 43. Qh6 $15) 43... Kg7 $1 $19 44. Qf5 (44. Kh2 $142 Qb4 45. h5) 44... Qc5 {...Qxg1+! is the strong threat.} 45. Qg4 Qf2 {Threatens to win with ...Re8.} 46. Qg3 $2 (46. h5) 46... Qxb2 {Black is clearly winning.} 47. Qg4 Re8 48. Qd7 Rf8 49. Qe7 Qc3 {Accuracy: White = 55%, Black = 86%.} 0-1

[Event "Int SVK-ch GM 2020"]
[Site "Drienica"]
[Date "2020.08.09"]
[Round "3.2"]
[White "Mrva, Martin"]
[Black "Mazur, Stefan"]
[Result "1/2-1/2"]
[WhiteElo "2386"]
[BlackElo "2449"]
[Annotator "TA"]
[PlyCount "123"]
[EventDate "2020.08.07"]
[EventType "tourn"]
[EventCountry "SVK"]
[SourceTitle "playchess.com"]
[Source "ChessBase"]
[SourceQuality "1"]

{[%evp 19,123,25,29,20,25,10,33,11,11,0,11,0,10,-23,-23,-26,-21,-28,-25,-8,-17,-19,0,0,0,8,30,0,0,-46,-46,-46,-46,-46,-46,-47,-46,-152,-152,-168,-160,-139,-140,-154,-135,-135,-135,-135,-135,-135,-135,-142,-142,-203,-130,-150,-150,-150,-150,-189,-64,-64,-64,-64,-64,-64,-64,-64,-64,-64,-64,-64,-64,-64,-4,-64,4,4,4,1,23,0,8,0,0,0,0,0,0,0,0,0,118,118,118,89,0,0,0,0,0,0,0,0,0,0]} 1. c4 Nf6 2. Nc3 g6 3. e4 d6 4. d4 Bg7 5. Nf3 O-O 6. h3 e5 7. d5 a5 8. Bg5 Na6 9. Nd2 Nc5 10. Be2 Bd7 11. O-O {E92: King's Indian: Classical: 6 Be2 e5: 7 dxe5, 7 Be3 and Petrosian System without 7...Nbd7.} h6 12. Be3 Nh7 13. Nb3 {White is slightly better.} b6 14. Nxc5 bxc5 15. Qd2 Qh4 {[#]} 16. f4 $146 ({Predecessor:} 16. f3 f5 17. Bf2 Qg5 18. Qxg5 Nxg5 19. Bd3 fxe4 20. fxe4 Bxh3 21. Nb5 Bd7 22. Nxc7 {½-½ (35) Foulds,E (2359)-Droessler,U (2319) ICCF email 2015}) 16... exf4 17. Rxf4 Qe7 18. Rff1 Ng5 19. Bd3 $1 Rab8 20. Rae1 Qe5 21. Kh1 Rfe8 22. Qf2 Re7 23. Bf4 Qd4 24. Qxd4 Bxd4 25. h4 Nh7 26. Nb5 Bxb5 27. cxb5 Nf6 28. Bxh6 (28. b3 $15) 28... Ng4 $17 29. Bd2 Nf2+ 30. Rxf2 Bxf2 31. Rf1 Bxh4 32. b3 Bg3 33. a4 Ra8 34. Rf3 Be5 35. Rh3 f6 36. Be2 (36. Bc2 $17) 36... Rh7 37. Rxh7 Kxh7 {[%mdl 4096] Endgame KRB-KB} 38. Bg4 Kg7 39. Kg1 c4 (39... Kf7 $19 40. Bd7 Rh8 41. Bxa5 Bd4+ 42. Kf1 c4 $1 {[%mdl 512]} 43. bxc4 Bb6 44. Bxb6 cxb6 45. Be6+ Ke8) 40. bxc4 $15 Bd4+ 41. Kf1 Bb6 42. g3 Re8 43. Be6 Rh8 44. Kg2 Kf8 45. Bc3 Ke7 46. g4 Rb8 (46... g5 $15) 47. Kf3 (47. g5 $1 $11 fxg5 48. Bg7) 47... c6 (47... g5 $15) 48. bxc6 $11 {g5! is the strong threat.} Bc7 $1 {Threatens to win with ...Rb3.} 49. Ke3 Rb3 50. Kd3 Ra3 51. Kc2 Ra2+ $1 52. Bb2 Rxa4 53. g5 fxg5 54. Kc3 Bb6 55. Kd3 Ra2 {[#]} (55... Bc7 $11) 56. Bd4 $1 $16 {[%cal Rd4b6][%mdl 1024] White has strong compensation.} Ra3+ {[#]} 57. Kd2 $1 Bc7 ({Don't blunder} 57... Bxd4 $2 58. c7 $18) ({Better is} 57... Ra2+ $16 58. Kd3 Ra3+ 59. Kd2 Bc7) 58. c5 $11 {The position is equal.} Ra4 59. Kd3 {Strongly threatening cxd6+.} Ra3+ 60. Kd2 Ra4 61. Kd3 {Hoping for cxd6+.} Ra3+ 62. Kd2 {Whites escaped into a draw. Accuracy: White = 84%, Black = 82%.} 1/2-1/2

[Event "Int SVK-ch GM 2020"]
[Site "Drienica"]
[Date "2020.08.09"]
[Round "3.3"]
[White "Jablonicky, Martin"]
[Black "Druska, Juraj"]
[Result "1/2-1/2"]
[WhiteElo "2314"]
[BlackElo "2515"]
[Annotator "TA"]
[PlyCount "84"]
[EventDate "2020.08.07"]
[EventType "tourn"]
[EventCountry "SVK"]
[SourceTitle "playchess.com"]
[Source "ChessBase"]
[SourceQuality "1"]

{[%evp 20,84,-54,-44,-58,-72,-36,-65,-41,-32,-24,-32,-28,-35,0,-9,-8,-8,-18,-23,14,0,0,0,1,-7,0,-17,-6,-38,-22,-52,-43,-40,0,0,0,0,0,0,0,0,0,0,0,0,30,8,8,13,30,30,30,30,51,0,0,0,0,0,0,0,0,0,0,0,0]} 1. e4 c5 2. Nf3 d6 3. d4 cxd4 4. Nxd4 Nf6 5. Nc3 a6 6. Bc4 e6 7. Bb3 b5 8. f4 Bb7 9. f5 e5 10. Nde2 Nbd7 11. Bg5 Be7 {B87: Sicilian Scheveningen/Najdorf: 6 Bc4, with early ...b5.} 12. Bxf6 Nxf6 13. Qd3 Rc8 {Black is slightly better.} 14. O-O O-O 15. Ng3 Qb6+ 16. Kh1 {[#]} Rc7 $146 ({Predecessor:} 16... Qd4 17. Qf3 Qd2 18. Nh5 Nxh5 19. Qxh5 b4 20. Rad1 Qg5 21. Qxg5 Bxg5 22. Nd5 a5 {½-½ (72) Zlatic,M (2439)-Arsovic,G (2483) Zlatibor 2006}) 17. a4 {[%cal Ra4b5]} b4 18. Nd5 Bxd5 19. exd5 e4 20. Nxe4 Nxe4 21. Qxe4 Bf6 22. Rab1 a5 23. Qd3 Re7 24. Qb5 Qd8 {[%mdl 1024] Black has compensation.} 25. Bc4 Re3 26. Bd3 Rfe8 27. b3 Kf8 28. Qc4 h5 29. Rf3 Re1+ 30. Rxe1 Rxe1+ 31. Rf1 Re3 32. Rf4 Kg8 33. Re4 Rxe4 34. Qxe4 Be5 35. g3 Qg5 36. Kg2 Kf8 37. Qh4 ({White should play} 37. Qc4 $14) 37... Qxh4 $11 {The position is equal.} 38. gxh4 Ke7 39. Be2 g6 40. fxg6 fxg6 41. Bd3 Kf6 42. Kh3 Bc3 {Accuracy: White = 85%, Black = 83%.} 1/2-1/2

[Event "Int SVK-ch GM 2020"]
[Site "Drienica"]
[Date "2020.08.09"]
[Round "3.4"]
[White "Petenyi, Tamas"]
[Black "Kostolansky, Sebastian Lukas"]
[Result "1-0"]
[WhiteElo "2436"]
[BlackElo "2402"]
[Annotator "TA"]
[PlyCount "99"]
[EventDate "2020.08.07"]
[EventType "tourn"]
[EventCountry "SVK"]
[SourceTitle "playchess.com"]
[Source "ChessBase"]
[SourceQuality "1"]

{[%evp 15,99,12,26,32,21,8,15,10,13,27,25,9,19,9,19,10,33,25,45,13,13,13,12,16,16,16,16,10,22,27,26,26,26,27,29,26,45,44,50,40,276,275,275,275,278,234,227,239,215,234,265,299,308,322,254,291,411,443,443,443,422,425,401,363,376,369,1075,782,2226,1413,29981,29982,29984,29985,29985,29986,29986,29981,29981,29982,29986,29987,29987,29988,29987,29988]} 1. e4 d6 2. d4 Nf6 3. Nc3 g6 4. Be3 Bg7 5. f3 c6 6. Qd2 b5 7. Bh6 Bxh6 8. Qxh6 Qa5 9. Bd3 {The modern move. B07: Pirc Defence: Miscellaneous Systems.} b4 10. Nd1 c5 {[#]} 11. e5 $146 {The position is equal.} ({Predecessor:} 11. Ne2 Nc6 12. d5 Ne5 13. b3 c4 14. Bxc4 Nxc4 15. bxc4 Ba6 16. Qd2 Rc8 17. a3 Bxc4 {1-0 (43) Jumabayev,R (2633)-Guseinov,G (2654) Riga 2019}) 11... dxe5 12. dxe5 c4 $1 {[%cal Rc4d3]} 13. exf6 cxd3 14. cxd3 Qe5+ 15. Ne2 Qxf6 16. O-O Nc6 17. Rc1 Nd4 18. Nxd4 Qxd4+ {[%mdl 64] [#] Double Attack} 19. Qe3 Qxe3+ 20. Nxe3 Be6 21. b3 a5 22. d4 O-O 23. d5 $36 {[%mdl 2048] White is pushing.} Bd7 24. Rc7 Rfd8 25. Rfc1 Kf8 26. Kf2 Rdc8 27. Rxc8+ Rxc8 $2 {Black cannot hold the game after this.} (27... Bxc8 $14 28. Rc5 Bd7) 28. Rxc8+ $18 Bxc8 $14 {[%mdl 4096] Endgame KB-KN} 29. Nc4 Bb7 30. Ke3 ({Stronger than} 30. Nxa5 Bxd5 31. f4 Kg7 $11) 30... Bxd5 {[#]} 31. Kd4 $1 {[%cal Rd4d5]} e6 {...Bxc4 would now be nice for Black.} 32. Nxa5 g5 33. Kc5 f5 34. Kxb4 g4 35. fxg4 Bxg2 (35... f4 $142 36. Nc4 Bxg2) 36. gxf5 $18 exf5 {intending ...f4.} 37. Kc3 Ke7 38. Kd4 f4 39. Nc4 Ke6 40. a4 {[%cal Ba2a4,Ba4a5,Ba5a6][%mdl 32]} Kf5 $2 (40... f3 41. Ke3 Kd5) 41. b4 {[%cal Bb3b4,Bb4b5][%mdl 32]} Kg4 42. b5 Kh3 43. a5 {White mates.} Bb7 44. a6 Bc8 45. Ke4 Kg4 46. Ne5+ Kg5 47. Nf7+ Kg4 48. Nd6 f3 49. Ke3 Be6 50. b6 {Accuracy: White = 97%, Black = 73%.} 1-0

[Event "Int SVK-ch GM 2020"]
[Site "Drienica"]
[Date "2020.08.09"]
[Round "3.5"]
[White "Pechac, Jergus"]
[Black "Jurcik, Marian"]
[Result "1-0"]
[WhiteElo "2498"]
[BlackElo "2441"]
[Annotator "TA"]
[PlyCount "55"]
[EventDate "2020.08.07"]
[EventType "tourn"]
[EventCountry "SVK"]
[SourceTitle "playchess.com"]
[Source "ChessBase"]
[SourceQuality "1"]

{[%evp 13,55,47,29,28,47,39,32,50,51,36,41,52,51,6,62,56,41,42,55,43,72,48,66,76,110,67,94,72,70,66,72,71,69,68,103,82,78,76,73,89,106,109,118,125]} 1. d4 d6 2. Nf3 g6 3. e4 Nf6 4. Nc3 Bg7 5. Be3 c6 6. Qd2 Qa5 7. h3 O-O {is the legacy move (7...Nbd7).} 8. a3 {[#] B08: Pirc Defence: Classical System.} Rd8 $146 ({Predecessor:} 8... b5 9. b4 Qc7 10. Bd3 a5 11. O-O Bd7 12. Rac1 axb4 13. axb4 Na6 14. Ne2 Qb7 15. c3 Nc7 {0-1 (80) Esteban Lupianez,J (1672)-Quero Ortega,J (1754) Barcelona 2019}) 9. Be2 b5 10. O-O {White is slightly better.} Qc7 11. Bh6 Nbd7 12. Rad1 Bb7 13. Nh4 c5 (13... a6 $11) 14. Bxg7 $14 ({Much weaker is} 14. Bxb5 cxd4 15. Nd5 Bxd5 $15) 14... Kxg7 15. Bxb5 cxd4 16. Qxd4 Qb6 17. Rfe1 Qxd4 18. Rxd4 Rdc8 19. f4 {[#] Threatens to win with e5.} Nb6 20. e5 dxe5 21. fxe5 Nfd5 22. Nxd5 Bxd5 23. Bd3 e6 24. b3 {White is better.} Rc3 25. Nf3 Bxf3 26. gxf3 Rac8 27. Kf2 R8c5 28. f4 {Accuracy: White = 89%, Black = 67%.} 1-0

[Event "Int SVK-ch GM 2020"]
[Site "Drienica"]
[Date "2020.08.10"]
[Round "4.1"]
[White "Gazik, Viktor"]
[Black "Jurcik, Marian"]
[Result "1-0"]
[WhiteElo "2502"]
[BlackElo "2441"]
[Annotator "ChessBase"]
[PlyCount "70"]
[EventDate "2020.08.07"]
[EventType "tourn"]
[EventCountry "SVK"]
[SourceTitle "playchess.com"]
[Source "ChessBase"]
[SourceQuality "1"]
[TimeControl "40/5400+30:1800+30"]

1. d4 {[%emt 0:00:00]} Nf6 {[%emt 0:00:44]} 2. c4 {[%emt 0:00:08]} g6 {[%emt 0:00:22]} 3. Nc3 {[%emt 0:00:09]} Bg7 {[%emt 0:00:07]} 4. e4 {[%emt 0:00:42]} d6 {[%emt 0:00:10]} 5. Nf3 {[%emt 0:00:17]} O-O {[%emt 0:02:03]} 6. Be2 {[%emt 0:00:12]} Nbd7 {[%emt 0:00:25]} 7. O-O {[%emt 0:00:11]} e5 {[%emt 0:00:04]} 8. Qc2 {[%emt 0:04:02]} c6 {[%emt 0:02:19]} 9. Rd1 {[%emt 0:10:34]} Qe7 {[%emt 0:00:40]} 10. dxe5 {[%emt 0:09:14]} dxe5 {[%emt 0:00:22]} 11. a3 {[%emt 0:00:30]} Re8 {[%emt 0:33:09]} 12. b4 {[%emt 0:08:39]} b6 {[%emt 0:02:44]} 13. h3 {[%emt 0:02:45]} Nh5 {[%emt 0:08:28]} 14. Be3 {[%emt 0:06:14]} Nf4 {[%emt 0:00:45]} 15. Bf1 {[%emt 0:00:27]} Qf6 {[%emt 0:01:45]} 16. g3 {[%emt 0:04:04]} Ne6 {[%emt 0:02:39]} 17. Bg2 {[%emt 0:00:50]} Ndf8 {[%emt 0:03:47]} 18. c5 {[%emt 0:06:26]} bxc5 {[%emt 0:00:55]} 19. bxc5 {[%emt 0:00:08]} Rd8 {[%emt 0:13:27]} 20. Qa4 {[%emt 0:09:48]} Bd7 {[%emt 0:09:55]} 21. Rd6 {[%emt 0:08:02]} Qe7 {[%emt 0:00:20]} 22. Rad1 {[%emt 0:01:43]} h6 {[%emt 0:08:08]} 23. Kh2 {[%emt 0:07:50]} Be8 {[%emt 0:00:44]} 24. Qa5 {[%emt 0:00:58]} Rdb8 {[%emt 0:01:09]} 25. h4 {[%emt 0:02:27]} f5 {[%emt 0:02:28]} 26. Ne2 {[%emt 0:04:15]} Qf7 {[%emt 0:02:00]} 27. Qd2 {[%emt 0:00:46]} f4 {[%emt 0:00:54]} 28. gxf4 {[%emt 0:00:44]} exf4 {[%emt 0:00:01]} 29. Bd4 {[%emt 0:01:54]} Bxd4 {[%emt 0:01:03]} 30. Nfxd4 {[%emt 0:03:22]} Nxc5 {[%emt 0:00:03]} 31. e5 {[%emt 0:00:11]} Nb3 {[%emt 0:03:08]} 32. Nxb3 {[%emt 0:02:10]} f3 {[%emt 0:00:26]} 33. Rf6 {[%emt 0:01:58]} Qxb3 34. Qxh6 Bf7 35. e6 Nxe6 1-0

[Event "Int SVK-ch GM 2020"]
[Site "Drienica"]
[Date "2020.08.10"]
[Round "4.2"]
[White "Kostolansky, Sebastian Lukas"]
[Black "Pechac, Jergus"]
[Result "0-1"]
[WhiteElo "2402"]
[BlackElo "2498"]
[Annotator "ChessBase"]
[PlyCount "142"]
[EventDate "2020.08.07"]
[EventType "tourn"]
[EventCountry "SVK"]
[SourceTitle "playchess.com"]
[Source "ChessBase"]
[SourceQuality "1"]
[TimeControl "40/5400+30:1800+30"]

1. e4 {[%emt 0:00:00]} e5 {[%emt 0:00:00]} 2. Nf3 {[%emt 0:00:00]} Nc6 {[%emt 0:00:00]} 3. Bb5 {[%emt 0:00:08]} Nf6 {[%emt 0:00:00]} 4. d3 {[%emt 0:00:34]} Bc5 {[%emt 0:00:00]} 5. c3 {[%emt 0:00:05]} O-O {[%emt 0:00:03]} 6. O-O {[%emt 0:00:41]} d6 {[%emt 0:00:05]} 7. Nbd2 {[%emt 0:00:15]} Bb6 {[%emt 0:00:06]} 8. Nc4 {[%emt 0:02:48]} Ne7 {[%emt 0:00:09]} 9. Nxb6 {[%emt 0:06:41]} axb6 {[%emt 0:00:07]} 10. Re1 {[%emt 0:03:49]} c6 {[%emt 0:03:13]} 11. Bc4 {[%emt 0:02:20]} Ng6 {[%emt 0:05:45]} 12. d4 {[%emt 0:21:53]} Bg4 {[%emt 0:01:26]} 13. h3 {[%emt 0:01:58]} Bxf3 {[%emt 0:00:24]} 14. Qxf3 {[%emt 0:01:11]} exd4 {[%emt 0:00:09]} 15. cxd4 {[%emt 0:00:51]} Nxe4 {[%emt 0:00:25]} 16. Qxe4 {[%emt 0:05:34]} d5 {[%emt 0:00:04]} 17. Bxd5 {[%emt 0:03:16]} cxd5 {[%emt 0:02:49]} 18. Qf5 {[%emt 0:05:09]} Ne7 {[%emt 0:04:22]} 19. Qg4 {[%emt 0:06:11]} Nc6 {[%emt 0:00:09]} 20. Bd2 {[%emt 0:01:29]} Qd6 {[%emt 0:04:50]} 21. Bc3 {[%emt 0:05:14]} Rfe8 {[%emt 0:16:57]} 22. a3 {[%emt 0:03:43]} g6 {[%emt 0:04:25]} 23. Rxe8+ {[%emt 0:05:05]} Rxe8 {[%emt 0:00:06]} 24. Re1 {[%emt 0:00:10]} Rxe1+ {[%emt 0:00:18]} 25. Bxe1 {[%emt 0:00:05]} Qe6 {[%emt 0:00:06]} 26. Bc3 {[%emt 0:05:47]} Qxg4 {[%emt 0:01:51]} 27. hxg4 {[%emt 0:00:06]} b5 {[%emt 0:00:07]} 28. f3 {[%emt 0:01:23]} f6 {[%emt 0:00:10]} 29. Kf2 {[%emt 0:00:09]} Kf7 {[%emt 0:00:04]} 30. Ke3 {[%emt 0:04:58]} Ke6 {[%emt 0:00:15]} 31. Kf4 {[%emt 0:03:22]} h6 {[%emt 0:05:00]} 32. Kg3 {[%emt 0:02:57]} Kd7 {[%emt 0:02:26]} 33. Kf4 {[%emt 0:04:57]} Kc7 {[%emt 0:01:34]} 34. Ke3 {[%emt 0:01:06]} b4 {[%emt 0:02:57]} 35. Bd2 {[%emt 0:00:22]} bxa3 {[%emt 0:10:09]} 36. bxa3 {[%emt 0:00:05]} Kb6 {[%emt 0:00:08]} 37. Kd3 {[%emt 0:00:42]} g5 {[%emt 0:00:43]} 38. a4 {[%emt 0:02:09]} Ka6 {[%emt 0:01:19]} 39. Be1 {[%emt 0:00:42]} Kb6 {[%emt 0:08:46]} 40. Bd2 {[%emt 0:01:07]} Kc7 {[%emt 0:00:57]} 41. Kc3 {[%emt 0:09:22]} Kd6 {[%emt 0:00:15]} 42. Kd3 {[%emt 0:00:42]} Ke6 {[%emt 0:00:07]} 43. Ke3 {[%emt 0:03:10]} f5 {[%emt 0:05:04]} 44. gxf5+ {[%emt 0:03:19]} Kxf5 {[%emt 0:02:20]} 45. g4+ {[%emt 0:03:18]} Kg6 {[%emt 0:00:28]} 46. Bc3 {[%emt 0:01:49]} h5 {[%emt 0:00:21]} 47. Kf2 {[%emt 0:00:50]} h4 {[%emt 0:03:39]} 48. Ke3 {[%emt 0:08:17]} Kf6 {[%emt 0:12:15]} 49. Be1 {[%emt 0:01:21]} Nd8 {[%emt 0:00:25]} 50. Bb4 {[%emt 0:01:38]} Nc6 {[%emt 0:04:17]} 51. Bc3 {[%emt 0:01:04]} Ke7 {[%emt 0:11:22]} 52. Be1 {[%emt 0:01:07]} Kf7 {[%emt 0:03:09]} 53. Bc3 {[%emt 0:00:27]} Kf6 {[%emt 0:02:37]} 54. Be1 {[%emt 0:00:06]} Ke7 {[%emt 0:00:07]} 55. Bc3 {[%emt 0:00:47]} Nd8 {[%emt 0:00:24]} 56. Bb4+ {[%emt 0:01:06]} Kd7 {[%emt 0:00:07]} 57. Kf2 {[%emt 0:00:30]} Ne6 {[%emt 0:00:25]} 58. Bd2 {[%emt 0:00:28]} Kc6 {[%emt 0:01:22]} 59. Kg2 {[%emt 0:00:28]} b5 {[%emt 0:01:53]} 60. axb5+ Kxb5 {[%emt 0:00:08]} 61. Kh3 {[%emt 0:01:07]} Kc4 {[%emt 0:02:07]} 62. f4 {[%emt 0:00:14]} Nxf4+ {[%emt 0:00:38]} 63. Bxf4 {[%emt 0:00:06]} gxf4 {[%emt 0:00:04]} 64. g5 {[%emt 0:00:13]} f3 {[%emt 0:00:09]} 65. g6 {[%emt 0:00:22]} Kd3 {[%emt 0:00:06]} 66. g7 {[%emt 0:00:03]} f2 {[%emt 0:00:10]} 67. g8=Q {[%emt 0:00:25]} f1=Q+ {[%emt 0:00:06]} 68. Kh2 {[%emt 0:00:14]} Qf2+ {[%emt 0:00:08]} 69. Kh1 {[%emt 0:00:03]} Qe1+ {[%emt 0:00:05]} 70. Kg2 {[%emt 0:00:07]} Qg3+ {[%emt 0:00:07]} 71. Qxg3+ {[%emt 0:00:04]} hxg3 {[%emt 0:00:09]} 0-1

[Event "Int SVK-ch GM 2020"]
[Site "Drienica"]
[Date "2020.08.10"]
[Round "4.3"]
[White "Druska, Juraj"]
[Black "Petenyi, Tamas"]
[Result "0-1"]
[WhiteElo "2515"]
[BlackElo "2436"]
[Annotator "ChessBase"]
[PlyCount "88"]
[EventDate "2020.08.07"]
[EventType "tourn"]
[EventCountry "SVK"]
[SourceTitle "playchess.com"]
[Source "ChessBase"]
[SourceQuality "1"]
[TimeControl "40/5400+30:1800+30"]

1. e4 {[%emt 0:00:00]} Nc6 {[%emt 0:00:57]} 2. Nf3 {[%emt 0:05:21]} d6 {[%emt 0:00:40]} 3. d4 {[%emt 0:00:50]} Nf6 {[%emt 0:00:29]} 4. Nc3 {[%emt 0:04:16]} g6 {[%emt 0:00:24]} 5. Be3 {[%emt 0:07:07]} Bg7 {[%emt 0:01:28]} 6. Qd2 {[%emt 0:02:23]} Bg4 {[%emt 0:03:12]} 7. O-O-O {[%emt 0:04:45]} O-O {[%emt 0:09:50]} 8. Be2 {[%emt 0:02:11]} e5 {[%emt 0:12:46]} 9. d5 {[%emt 0:01:03]} Bxf3 {[%emt 0:05:45]} 10. Bxf3 {[%emt 0:01:38]} Nd4 {[%emt 0:00:24]} 11. Be2 {[%emt 0:11:21]} c6 {[%emt 0:03:40]} 12. dxc6 {[%emt 0:09:50]} bxc6 {[%emt 0:00:12]} 13. Bxd4 {[%emt 0:03:33]} exd4 {[%emt 0:00:12]} 14. Qxd4 {[%emt 0:00:22]} Nd5 {[%emt 0:03:43]} 15. Qxg7+ {[%emt 0:02:40]} Kxg7 {[%emt 0:00:02]} 16. exd5 {[%emt 0:00:08]} c5 {[%emt 0:01:26]} 17. h4 {[%emt 0:01:42]} Rb8 {[%emt 0:02:10]} 18. Rd3 {[%emt 0:01:34]} Re8 {[%emt 0:03:46]} 19. Rf3 {[%emt 0:04:14]} Qa5 {[%emt 0:04:15]} 20. Bc4 {[%emt 0:02:59]} Rb4 {[%emt 0:04:05]} 21. b3 {[%emt 0:02:33]} Rxc4 {[%emt 0:04:45]} 22. bxc4 {[%emt 0:00:02]} Qb4 {[%emt 0:00:17]} 23. g3 {[%emt 0:02:49]} Qxc4 {[%emt 0:01:15]} 24. Rd1 {[%emt 0:00:06]} Qb4 {[%emt 0:01:58]} 25. Rdd3 {[%emt 0:02:48]} Re1+ {[%emt 0:04:41]} 26. Rd1 {[%emt 0:07:14]} Re5 {[%emt 0:03:56]} 27. Rdd3 {[%emt 0:01:25]} Re1+ {[%emt 0:01:24]} 28. Rd1 {[%emt 0:00:07]} Re7 {[%emt 0:00:12]} 29. Rdd3 {[%emt 0:01:00]} a5 {[%emt 0:08:11]} 30. a4 {[%emt 0:03:37]} Qa3+ {[%emt 0:04:49]} 31. Kd2 {[%emt 0:00:10]} Re5 {[%emt 0:01:22]} 32. Rde3 {[%emt 0:04:02]} Qb4 {[%emt 0:02:04]} 33. Rf4 {[%emt 0:00:45]} Rxd5+ {[%emt 0:00:47]} 34. Ke2 {[%emt 0:02:18]} Rd4 {[%emt 0:00:39]} 35. Rff3 {[%emt 0:00:01]} Qb7 {[%emt 0:04:04]} 36. Kf1 {[%emt 0:03:34]} d5 {[%emt 0:02:04]} 37. Kg2 {[%emt 0:00:38]} Rd2 {[%emt 0:01:05]} 38. Nb5 {[%emt 0:03:04]} Qd7 {[%emt 0:00:22]} 39. c3 {[%emt 0:00:23]} Ra2 {[%emt 0:00:49]} 40. Rf4 {[%emt 0:00:05]} d4 {[%emt 0:02:57]} 41. cxd4 {[%emt 0:09:26]} Rxa4 {[%emt 0:00:54]} 42. Nc3 {[%emt 0:01:02]} Rxd4 {[%emt 0:00:25]} 43. Rff3 {[%emt 0:00:16]} Qb7 {[%emt 0:00:59]} 44. Re5 {[%emt 0:10:32]} Rd3 {[%emt 0:01:25]} 0-1